The Nicene Creed Hard (Orthodox) - Statistics

General Stats
  • This quiz has been taken 157 times
  • The average score is 164 of 209
Answer Stats
Answer % Correct
Father
98%
Father;
98%
Father,
98%
God,
98%
God
98%
Holy
98%
holy,
98%
I
98%
believe
96%
in
96%
In
96%
on
96%
Son
96%
and
93%
And
93%
He
93%
Spirit
93%
Spirit,
93%
the
93%
heaven
91%
of
91%
one
91%
one,
91%
earth,
87%
Jesus
87%
all
84%
Lord
82%
Lord,
82%
Mary
82%
Christ,
80%
Creator
80%
crucified
80%
for
80%
true
80%
Church.
78%
day,
78%
rose
78%
Who
78%
Almighty,
76%
dead.
76%
dead,
76%
from
76%
no
76%
to
76%
Virgin
76%
apostolic
73%
begotten
73%
begotten,
73%
life,
73%
life
73%
our
73%
Pilate,
73%
sins.
73%
third
73%
Pontius
71%
was
71%
Amen.
69%
buried;
69%
catholic,
69%
living
69%
made.
69%
not
69%
resurrection
69%
right
69%
again
67%
is
67%
man.
67%
men
67%
things
67%
forgiveness
64%
hand
64%
have
64%
His
64%
into
64%
age
62%
ascended
62%
come
62%
come.
62%
confess
62%
down
62%
invisible.
62%
judge
62%
Light
62%
Light,
62%
suffered
62%
under
62%
us
62%
visible
62%
at
60%
baptism
60%
end.
60%
glory
60%
with
60%
came
58%
salvation
58%
Scriptures.
58%
will
58%
before
56%
kingdom
56%
look
56%
proceeds
56%
were
56%
according
53%
ages;
53%
became
53%
{only}-{begotten}
53%
shall
53%
created,
51%
glorified,
51%
prophets.
51%
through
51%
seated
47%
spoke
47%
incarnate
44%
Whom
44%
essence
40%
worshipped
40%
together
36%
No matching quizzes found
Score Distribution
Percent of People with Each Score
Percentile by Number Answered
Your Score History
You have not taken this quiz